01161 2200217 4500001002100000005001500021035002000036245006000056100002400116250001700140300002800157260003100185082001200216084001800228020002200246650001600268520055700284008004100841500004500882990001600927INLIS00000000000014520240509085644 a0010-05240000671 a7 Pemuda Yang Tertidur 309 Tahun /cRirin Astutiningrum0 aRirin Astutiningrum acetakan ke-1 a36 hlm :bilus ;c24 cm aSolo :bTiga Ananda,c2017 a297.092 a297.092 RIR t a978-602-366-300-2 4aReligi Anak a“Penduduk Ufsus beramai-ramai menyembah berhala sesuai dengan perintah raja mereka, Diqyanus. Raja kufur itu mengancam akan menghukum siapa saja yang tidak mengikuti agamanya. Namun, ada tujuh pemuda yang secara diam-diam tetap menyembah Allah. Sang raja murka saat mengetahui keimanan ketujuh pemuda itu dan memerintahkan untuk menangkap mereka. Tujuh pemuda beriman itu kemudian bersembunyi di dalam sebuah gua. Dapatkan sang raja dan pasukannya menemukan ketujuh pemuda beriman itu? Apa yang akan terjadi selanjutnya? Baca, yuk, di buku ini!”240509 0  aseri kisah-kisah dahsyat dalam al qur'an a00000000538